| 000 | 01022nam a22002537a 4500 | ||
|---|---|---|---|
| 003 | OSt | ||
| 005 | 20251210194243.0 | ||
| 008 | 241108b |||||||| |||| 00| 0 eng d | ||
| 040 | _c0 | ||
| 082 | _aDPer 647.94068 In821 August-October 2019 v. 81-83 | ||
| 100 |
_aRezvani, Erfan. _eauthor. _963846 |
||
| 245 |
_aLearning from own and others : _bthe moderating role of performance aspiration / _cErfan Rezvani, A. George Assaf, Muzaffer Uysal, and Minwoo Lee. |
||
| 260 |
_bAmsterdam ; _aElsevier, _cAugust 2019. |
||
| 300 |
_aVolume 66, pages 113-119 : _billustration ; _c28 cm. |
||
| 500 | _aInternational Journal of Hospitality Management, vol. 81, pages 113-119, August 2019. | ||
| 650 | 0 |
_aLearning from own. _966533 |
|
| 650 | 0 |
_aLearning from others. _966534 |
|
| 650 | 0 |
_aPerformance aspiration. _966535 |
|
| 700 |
_aRezvani, Erfan. _eauthor. _963846 |
||
| 700 |
_aAssaf, George A. _eauthor. _966709 |
||
| 700 |
_aUysal, Muzaffer. _eauthor. _966708 |
||
| 700 |
_aLee, Minwoo. _eauthor. _966710 |
||
| 942 |
_2ddc _cPER |
||
| 999 |
_c23114 _d23114 |
||